000
00313nam a2200121 a 4500
001
4136
005
20140414131921.0
008
090217s19uu xx 00 eng d
050
_a
ER
_b
M99 2000
245
_a
My first letter words activity book.
260
_a
London :
_b
Dorling Kindersley,
_c
2000.
999
_c
111772
_d
111772